000 00387nam a2200145Ia 4500
008 200103s9999||||xx |||||||||||||| ||und||
020 _a9280151096
040 _aIMU-MPC
082 _aColumn-5
100 _aIMO
245 0 _aCode for the Construction and Equipment of Mobile Offshore Drilling Units : consolidated edition, 2001.
260 _bIMO
_c2001
300 _a140
942 _cBK
999 _c3324
_d3324